Боевой устав артиллерии Р.К.К.А. (Запись № 6124501)

Подробности
000 -МАРКЕР
контрольное поле 00944nam1a22002411i 4500
001 - ИДЕНТИФИКАТОР ЗАПИСИ
контрольное поле rc\2891655
005 - ИДЕНТИФИКАТОР ВЕРСИИ
контрольное поле 20260408072944.0
035 ## - ДРУГИЕ СИСТЕМНЫЕ НОМЕРА
Идентификатор записи (NLR Aleph) 007043930
100 ## - ДАННЫЕ ОБЩЕЙ ОБРАБОТКИ
Данные общей обработки 20110725d1929 |||y0rusy50 ca
101 0# - ЯЗЫК РЕСУРСА
Язык текста, звукозаписи и т.д. русский
102 ## - СТРАНА ПУБЛИКАЦИИ ИЛИ ПРОИЗВОДСТВА
Страна публикации российская федерация
105 ## - ПОЛЕ КОДИРОВАННЫХ ДАННЫХ: ТЕКСТОВЫЕ МАТЕРИАЛЫ, МОНОГРАФИЧЕСКИЕ
Кодированные данные о монографическом текстовом документе y z |||||
200 1# - ЗАГЛАВИЕ И СВЕДЕНИЯ ОБ ОТВЕТСТВЕННОСТИ
Основное заглавие Боевой устав артиллерии Р.К.К.А.
Сведения, относящиеся к заглавию Часть 1-
Первые сведения об ответственности СССР. Нар. ком. по воен. и мор. делам
210 ## - ПУБЛИКАЦИЯ, РАСПРОСТРАНЕНИЕ И ДР.
Место издания, распространения и т.д. Москва
-- Ленинград
Имя издателя, распространителя и т. д. Гос. изд-во. Отд. воен. лит.
Дата издания, распространения и т.д. 1929
Место изготовления Ленинград
Имя изготовителя Центр. тип. Наркомвоенмора
215 ## - ФИЗИЧЕСКАЯ ХАРАКТЕРИСТИКА
Размеры 17х11 см
300 ## - ОБЩИЕ ПРИМЕЧАНИЯ
Текст примечания В клеенчатом переплете
500 00 - УНИФИЦИРОВАННОЕ ЗАГЛАВИЕ
Связь между полями z01710
Унифицированное заглавие Военные уставы, наставления и т. п.
710 01 - НАИМЕНОВАНИЕ ОРГАНИЗАЦИИ - ПЕРВИЧНАЯ ОТВЕТСТВЕННОСТЬ
Начальный элемент ввода СССР
Идентификатор авторитетной/нормативной записи RU\NLR\AUTH\8810063225
Системный номер авторитетной/нормативной записи 628051
801 #0 - ИСТОЧНИК ЗАПИСИ
Страна российская федерация
Организация NLR
Правила каталогизации psbo
801 #1 - ИСТОЧНИК ЗАПИСИ
Страна российская федерация
Организация ELAR
Источник данных rusmarc
852 ## - МЕСТОНАХОЖДЕНИЕ И ШИФР ХРАНЕНИЯ
Идентификатор организации NLR
Шифр хранения (Call Number) 83/753
942 ## - ДОПОЛНИТЕЛЬНЫЕ ЭЛЕМЕНТЫ ЗАПИСИ (АБИС)
Тип экземпляра АБИС Книга

Нет доступных экземпляров.